Die auswärtige politik der grossmächte in der neuzeit: von 1494 bis Versailles

Uloženo v:
Podrobná bibliografie
Hlavní autor: Windelband, Wolfgang (Autor)
Médium: Kniha
Jazyk:němčina
Vydáno: Darmstadt Wissenschaftliche Buchgesellschaft 1964
Vydání:1a. ed
Témata:
Tagy: Přidat tag
Žádné tagy, Buďte první, kdo vytvoří štítek k tomuto záznamu!

MARC

LEADER 00000cam a2200000 a 4500
001 UCD4471
003 CL-VaPUC
008 160708e19640000gw |||||||||||||||||ger|d
082 0 4 |a 327.73  |b WIN  |2 21 
100 0 |a Windelband, Wolfgang  |e author  |9 588162 
245 1 4 |a Die auswärtige politik der grossmächte in der neuzeit: von 1494 bis Versailles 
250 |a 1a. ed 
300 |a 336 p 
942 |c BK 
945 |d 20160708 23:22:00  |a arojas 
260 |a Darmstadt  |b Wissenschaftliche Buchgesellschaft  |c 1964 
500 |a Incluye mapa plegable 
650 0 |a Tratado de Versalles  |9 441569 
650 0 |a Política exterior   |9 316628 
650 7 |a GRANDES POTENCIAS  |2 CL-VaPUC  |9 332301 
650 0 |a Historia moderna  |9 268036 
583 |a last modification  |c 20160708 23:22:00  |k Rodrigo Vera 
999 |c 365369  |d 365367 
952 |0 0  |1 0  |3 erb  |4 0  |6 327_730000000000000_WIN_1964  |7 0  |8 A  |9 479186  |a FDOHBE  |b FDOHBE  |e Huesbe Llanos, Marco Antonio, 1934-  |i 5306426  |o 327.73 WIN 1964  |p 5306426  |r 2024-01-30  |w 2019-11-24  |y BK  |z Catalogado en:20160708  |k HBE 
952 |0 0  |1 0  |3 erd  |4 0  |6 327_730000000000000_WIN_1964  |7 0  |8 A  |9 479187  |a FDOHBE  |b FDOHBE  |e Huesbe Llanos, Marco Antonio, 1934-  |i 5305985  |o 327.73 WIN 1964  |p 5305985  |r 2024-01-30  |w 2019-11-24  |y BK  |z Catalogado en:20160713  |k HBE